|
|
|
|
| LEADER |
00000nam0a2200000 4500 |
| 001 |
132148 |
| 005 |
20231101220339.0 |
| 010 |
|
|
|a 5210021572
|
| 010 |
|
|
|a 5-210-02156-4
|
| 020 |
|
|
|a RU
|b 92-7535
|
| 035 |
|
|
|a (RuTPU)RU\TPU\book\143091
|
| 090 |
|
|
|a 132148
|
| 100 |
|
|
|a 20080227g1991 m y0rusy5003 ca
|
| 101 |
0 |
|
|a rus
|
| 102 |
|
|
|a RU
|
| 105 |
|
|
|a a z 000aa
|
| 200 |
1 |
|
|a Дневник моих встреч
|e Цикл трагедий
|e в 2 т.
|h Т. 1
|f Ю. П. Анненков
|
| 210 |
|
|
|a Ленинград
|c Искусство
|c Ленингр. отд-ние
|d 1991
|
| 215 |
|
|
|d 20 см
|e (портр.)
|a 343 с.
|
| 610 |
1 |
|
|a Русская советская литература
|
| 610 |
1 |
|
|a Русская живопись, 19-20 вв.
|
| 610 |
1 |
|
|a Культурная жизнь в СССР
|
| 610 |
1 |
|
|a воспоминания
|
| 675 |
|
|
|a Р2
|z rus
|
| 700 |
|
1 |
|a Анненков
|b Ю. П.
|c русский живописец и график, художник театра и кино, заметная фигура русского авангарда, литератор
|c псевдоним Борис Тимирязев
|f 1889-1974
|g Юрий Павлович
|2 stltpush
|3 (RuTPU)RU\TPU\pers\15972
|9 5578
|
| 801 |
|
0 |
|a RU
|b RuMRKP
|c 19950417
|g psbo
|
| 801 |
|
1 |
|a RU
|b 63413507
|c 20080227
|g PSBO
|
| 801 |
|
2 |
|a RU
|b 63413507
|c 20090930
|g PSBO
|
| 942 |
|
|
|c BK
|